000 00285 a2200145 4500
001 163623
020 _a
040 _cMagnum
100 _aWollard, Kathy
240 1 0 _aSabes porque ?
_lpor
245 1 0 _aSabes porque ?
362 0 _a1899
697 _aPARADIDATICOS
942 _cBK
999 _c163623
_d163623